000 00818nas a2200277 4500
001 BR9201299
003 BR-BrBNA
005 20231205092401.0
007 ta
008 230509b bl.|||p| |||| 00| 00por d
040 _aBR-BrBNA
_bpor
_cBiblioteca Nacional de Agricultura
041 _a(Pt)
072 _aL53
100 1 _aPinheiro, L.E.L.
100 1 _aMies Filho, A.
100 1 _aMoraes, J.C.F.
100 1 _aHoogstraten, M.I.M.J. van
245 1 _aAvaliacao andrologica de touros com polimorfismo cromossomico
650 _aTOURO
650 _aCROMOSSOMA
650 _aREPRODUTOR
650 _aGENETICA ANIMAL
773 0 _tRevista Brasileira de Reproducao Animal (Brazil)
_xISSN 0102-0803
_g(1979), v. 3(1) p. 23-26
_wBR9201299
909 _a202311
_bLúcia
_c55
_dLúcia Elande
942 _2AGRIS
_n0
_cANA
999 _c131324
_d131324